Minecraft Movie Quotes - Statistics

General Stats
  • This quiz has been taken 17 times
  • The average score is 17 of 26
Answer Stats
Hint Answer % Correct
Chicken jockey
100%
THE Nether
100%
Flint and steel
100%
As I child I yearned for the mines
100%
I. . . AM STEVE
90%
hot lava and chicken
90%
COMING IN HOT
90%
diamond armor full set
80%
your head is huge
80%
first we mine, then we craft, lets minecraft
80%
They love crushing loaf
80%
Big o'l red ones
80%
Water bucket release
80%
oh these dudes? they're the villagers
80%
I kept digging, and digging
70%
this is a crafting table
70%
blades for days
70%
boots of swiftness
60%
they're a bunch of big softies
50%
I think we are in Wyoming
40%
This pig is mine
30%
do you hear that? that's the sound of sizzling
30%
buckets are useful here
30%
welcome to the stash
20%
crap! my creeper farm
0%
are you guys finished? no I think he is swedish
0%
No matching quizzes found
Score Distribution
Percent of People with Each Score
Percentile by Number Answered
Your Score History
You have not taken this quiz